| 000 | 01491cam a22004095i 4500 | ||
|---|---|---|---|
| 999 |
_c8437 _d8437 |
||
| 003 | EG-ScBUE | ||
| 005 | 20201128013356.0 | ||
| 006 | m||||fq||h 00| 0 | ||
| 008 | 140520r20072004enka f 000 0 eng d | ||
| 020 | _a0582837944 | ||
| 020 | _a9780582837942 | ||
| 020 | _a9780582837959 | ||
| 020 | _a0582837952 | ||
| 040 |
_aEG-ScBUE _beng _erda _cEG-ScBUE _dEG-ScBUE |
||
| 082 | 0 | 4 |
_a428.24076 _bTER _222 |
| 100 | 1 |
_aTerry, Morgan, _eauthor. _92722 |
|
| 245 | 1 | 0 |
_aFocus on academic skills for IELTS / _cMorgan Terry, Judith Wilson. |
| 250 | _aThird impressiom. | ||
| 264 | 1 |
_aHarlow : _bLongman, _c2007. |
|
| 300 |
_a175 pages : _billustrations ; _c28 cm + _e1 audio CDs |
||
| 336 |
_atext _btxt _2rdacontent |
||
| 336 |
_aspoken word _bspw _2rdacontent |
||
| 337 |
_aunmediated _bn _2rdamedia |
||
| 337 |
_aaudio _bs _2rdamedia |
||
| 338 |
_avolume _bnc _2rdacarrier |
||
| 338 |
_aaudio disc _bsd _2rdacarrier |
||
| 590 | _aeman | ||
| 650 | 7 |
_aInternational English Language Testing System. _vStudy guides. _2BUEsh _936012 |
|
| 650 | 7 |
_aEnglish language _vExaminations, questions, etc. _2BUEsh |
|
| 650 | 7 |
_aEnglish language _vTextbooks for foreign speakers. _2BUEsh |
|
| 650 | 7 |
_aEnglish language _vStudy and teaching as a second language. _2BUEsh |
|
| 650 | 7 |
_aEnglish language _xStudy and teaching _xForeign speakers. _2BUEsh |
|
| 653 |
_bHHUUEENN _cOctober2017 |
||
| 655 |
_vReading book _934232 |
||
| 700 | 1 |
_aWilson, Judith, _d1947- _eauthor. _919944 |
|
| 942 |
_2ddc _cBB |
||